| 000 | 01601nam a2200229Ia 4500 | ||
|---|---|---|---|
| 003 | Ost | ||
| 005 | 20260416102402.0 | ||
| 008 | 260416s9999||||xx |||||||||||||| ||und|| | ||
| 040 | _cfsecg | ||
| 041 | _aara | ||
| 082 | _a657 | ||
| 100 |
_aنعمون، محمد عزالدين _eمؤلف |
||
| 245 | 0 |
_aمعايير الإبلاغ المالي الدولية IFRS : _bموجهة لطلبة سنة أولى ماستر سداسي الثاني تخصص محاسبة وتدقيق شعبة العلوم المحاسبية والمالية / _c محمد عزالدين نعمون |
|
| 260 |
_aالجزائر _bجامعة الجزائر3: كلية العلوم الإقتصادية، العلوم التجارية وعلوم التسيير _c2023 |
||
| 300 |
_a113 ورقة _bايضاحات _c12 سم |
||
| 504 | _aبيبليوغرافيا ص.104 | ||
| 520 | _aمدخل إلى المعايير الدولية للإبلاغ المالي ،الإطار التصوري للمحاسبة المالية لسنة 2010،المعالجة المحاسبية لأهم المعايير الدولية للإبلاغ المالي،معايير الدولية للإبلاغ المالي المعالجة لمحاسبة المجمعات،المعايير المحاسبية المعالجة للأدوات المالية. | ||
| 653 | _aالمحاسبة | ||
| 653 | _aمعايير الابلاغ المالي الدولية IFRS | ||
| 710 |
_aجامعة الجزائر3: كلية العلوم الإقتصادية، العلوم التجارية وعلوم التسيير _eناشر علمي |
||
| 942 | _cHANDOUT | ||
| 999 |
_c41458 _d41458 |
||